[Event "SVK-ch rapid"]
[Site "Podbanske"]
[Date "2022.09.10"]
[Round "2"]
[White "Safarik, Milan"]
[Black "Gago Padreny, Ignacio"]
[Result "0-1"]
[WhiteElo "1917"]
[BlackElo "2230"]
[PlyCount "57"]
[EventDate "2022.09.10"]
[EventType "swiss (rapid)"]
[EventRounds "9"]
[EventCountry "SVK"]
[SourceTitle "CBM 210 Extra"]
[Source "ChessBase"]
[SourceDate "2022.11.30"]
[SourceVersion "1"]
[SourceVersionDate "2022.11.30"]
[SourceQuality "1"]

1. e4 c6 2. d4 d5 3. Nd2 dxe4 4. Nxe4 Nf6 5. Ng3 e5 6. Be3 exd4 7. Bxd4 Be7 8. Be2 0-0 9. Nf3 c5 10. Be3 Nd5 11. 0-0 Nxe3 12. fxe3 Qb6 13. b3 Nc6 14. Kh1 Be6 15. c4 Rad8 16. Qe1 Nb4 17. Qf2 Bf6 18. a3 Nd3 19. Bxd3 Rxd3 20. Rad1 Rxd1 21. Rxd1 Qxb3 22. Qe1 Qxc4 23. Rc1 Qa4 24. e4 Qxa3 25. e5 Be7 26. Ne4 Bd5 27. Rc3 Qb4 28. Re3 Qxe1+ 29. Rxe1 0-1

[Event "SVK-ch Seniors 50"]
[Site "Tatranske Matliare"]
[Date "2017.05.29"]
[Round "4"]
[White "Jambrich, Miroslav"]
[Black "Safarik, Milan"]
[Result "1-0"]
[WhiteElo "1837"]
[BlackElo "1925"]
[PlyCount "113"]
[EventDate "2017.05.27"]
[EventType "swiss"]
[EventRounds "9"]
[EventCountry "SVK"]
[SourceTitle "EXT 2023"]
[Source "ChessBase"]
[SourceDate "2022.10.05"]
[SourceVersion "1"]
[SourceVersionDate "2022.10.05"]
[SourceQuality "1"]

1. e4 e5 2. Bc4 Bc5 3. Nf3 Nc6 4. Nc3 d6 5. h3 Nf6 6. d3 Na5 7. Bg5 Nxc4 8. dxc4 Bb4 9. Qd3 h6 10. Bxf6 Qxf6 11. 0-0-0 Bxc3 12. Qxc3 Qf4+ 13. Kb1 Qxe4 14. Rhe1 Qg6 15. Nxe5 dxe5 16. Qxe5+ Be6 17. Qb5+ c6 18. Qxb7 0-0 19. Qxc6 Rac8 20. Qe4 Bf5 21. Qe2 Qxg2 22. Rg1 Qc6 23. b3 a5 24. Rd5 Rfe8 25. Qd2 Bg6 26. Rxa5 Qf3 27. Rg3 Qf6 28. Rd5 Re6 29. Re3 Rce8 30. c5 Rxe3 31. fxe3 Qc6 32. Rd8 Rxd8 33. Qxd8+ Kh7 34. Qd4 f6 35. Kb2 Qg2 36. Qc3 Qxh3 37. c6 Qc8 38. b4 Qa6 39. c7 Bf5 40. a3 Kg8 41. Qc5 Bd7 42. c4 Kf7 43. b5 Qa5 44. c8Q Bxc8 45. Qxc8 Qd2+ 46. Kb3 Qxe3+ 47. Ka4 Qa7+ 48. Kb4 h5 49. c5 Qe7 50. b6 Qe4+ 51. Ka5 Qd3 52. Qc7+ Kg6 53. b7 Qxa3+ 54. Kb6 Qb4+ 55. Ka6 Qa4+ 56. Qa5 Qe8 57. Ka7 1-0

[Event "SVK-ch Seniors 50"]
[Site "Tatranske Matliare"]
[Date "2017.05.28"]
[Round "2"]
[White "Mrazik, Vladislav"]
[Black "Safarik, Milan"]
[Result "0-1"]
[WhiteElo "1835"]
[BlackElo "1925"]
[PlyCount "74"]
[EventDate "2017.05.27"]
[EventType "swiss"]
[EventRounds "9"]
[EventCountry "SVK"]
[SourceTitle "EXT 2023"]
[Source "ChessBase"]
[SourceDate "2022.10.05"]
[SourceVersion "1"]
[SourceVersionDate "2022.10.05"]
[SourceQuality "1"]

1. d4 d5 2. c4 c6 3. Nf3 Nf6 4. Nc3 e6 5. e3 Nbd7 6. Bd3 dxc4 7. Bxc4 b5 8. Bd3 Bb4 9. 0-0 Bb7 10. Qe2 a6 11. a3 Bxc3 12. bxc3 0-0 13. e4 c5 14. Bg5 Qa5 15. Rfc1 h6 16. Bf4 Rfc8 17. e5 Nd5 18. Bd2 Qb6 19. Qe4 Nf8 20. Qg4 Kh8 21. Qh5 f5 22. exf6 Nxf6 23. Qh4 Bxf3 24. gxf3 Qd8 25. Kh1 cxd4 26. cxd4 Qd5 27. Be4 Nxe4 28. Qxe4 Nd7 29. Bf4 Nf6 30. Qe3 Ng4 31. Qe2 Rf8 32. Kg1 Nxf2 33. Kxf2 Rxf4 34. Qe3 Raf8 35. Rc3 Rxf3+ 36. Qxf3 Rxf3+ 37. Rxf3 Qxd4+ 0-1

[Event "SVK-ch Seniors 50"]
[Site "Tatranske Matliare"]
[Date "2017.05.27"]
[Round "1"]
[White "Safarik, Milan"]
[Black "Beno, Milan"]
[Result "1-0"]
[WhiteElo "1925"]
[BlackElo "1663"]
[PlyCount "41"]
[EventDate "2017.05.27"]
[EventType "swiss"]
[EventRounds "9"]
[EventCountry "SVK"]
[SourceTitle "EXT 2023"]
[Source "ChessBase"]
[SourceDate "2022.10.05"]
[SourceVersion "1"]
[SourceVersionDate "2022.10.05"]
[SourceQuality "1"]

1. e4 c5 2. Nf3 d6 3. d4 cxd4 4. Nxd4 Nf6 5. Nc3 a6 6. Bc4 g6 7. 0-0 Bg7 8. Be3 Nbd7 9. f3 Ne5 10. Bb3 Bd7 11. Qe1 Rc8 12. Rd1 Nc4 13. Bxc4 Rxc4 14. Qf2 0-0 15. Qd2 Qc8 16. Kh1 Rd8 17. Rf2 Be8 18. Nde2 b5 19. Nf4 Nd7 20. Nfd5 Kf8 21. Nxe7 1-0

[Event "SVK-ch Seniors"]
[Site "Tatranske Matliare"]
[Date "2015.06.01"]
[Round "4"]
[White "Safarik, Milan"]
[Black "Petran, Peter"]
[Result "0-1"]
[WhiteElo "1994"]
[BlackElo "2355"]
[PlyCount "94"]
[EventDate "2015.05.30"]
[EventType "swiss"]
[EventRounds "9"]
[EventCountry "SVK"]
[SourceTitle "EXT 2017"]
[Source "ChessBase"]
[SourceDate "2016.10.25"]
[SourceVersion "1"]
[SourceVersionDate "2016.10.25"]
[SourceQuality "1"]

1. e4 g6 2. Nf3 Bg7 3. Bc4 c6 4. d4 d5 5. Bd3 Bg4 6. e5 e6 7. c3 Ne7 8. Nbd2 c5 9. h3 Bxf3 10. Nxf3 Nbc6 11. 0-0 cxd4 12. cxd4 Qb6 13. Be3 Nf5 14. Bxf5 gxf5 15. Qd2 h6 16. Rfc1 Bf8 17. Qe2 Be7 18. Qd3 a5 19. a3 a4 20. Rc2 Kf8 21. Rb1 Kg7 22. b4 axb3 23. Rxb3 Qc7 24. Bd2 Ra7 25. Rcb2 Qc8 26. a4 Qa8 27. Kh2 Bd8 28. Qb5 Rxa4 29. Qe2 Qa6 30. Qd1 b6 31. Qc2 Ne7 32. Nh4 Qc4 33. Nf3 Qxc2 34. Rxc2 Rc4 35. Rxc4 dxc4 36. Rb4 Nd5 37. Rxc4 Be7 38. Rc2 b5 39. Rb2 b4 40. Ne1 Rc8 41. Nd3 Rc4 42. Be3 Bg5 43. g3 Nxe3 44. fxe3 Bxe3 45. Rxb4 Rc2+ 46. Kh1 Rd2 47. Rb3 Bxd4 0-1

[Event "SVK-ch Seniors"]
[Site "Tatranske Matliare"]
[Date "2015.05.31"]
[Round "3"]
[White "Safarik, Milan"]
[Black "Bardik, Jozef"]
[Result "1-0"]
[WhiteElo "1994"]
[BlackElo "1910"]
[PlyCount "65"]
[EventDate "2015.05.30"]
[EventType "swiss"]
[EventRounds "9"]
[EventCountry "SVK"]
[SourceTitle "EXT 2017"]
[Source "ChessBase"]
[SourceDate "2016.10.25"]
[SourceVersion "1"]
[SourceVersionDate "2016.10.25"]
[SourceQuality "1"]

1. e4 c6 2. d4 d5 3. Nc3 dxe4 4. Nxe4 Bf5 5. Ng3 Bg6 6. Nf3 e6 7. h4 h6 8. Bd3 Bxd3 9. Qxd3 Bd6 10. 0-0 Nf6 11. Ne4 Nxe4 12. Qxe4 Nd7 13. c4 Nf6 14. Qe2 Qe7 15. Bd2 0-0-0 16. c5 Bb8 17. b4 Rd5 18. b5 cxb5 19. Rfc1 g5 20. hxg5 hxg5 21. Bxg5 Rxg5 22. Nxg5 Bh2+ 23. Kf1 Bf4 24. Nh3 Bxc1 25. Rxc1 Qd7 26. Qe5 Rh6 27. c6 bxc6 28. Qxb5 Kc7 29. Qe5+ Kb7 30. Rb1+ Ka6 31. Qe2+ Ka5 32. Qd2+ Ka6 33. Qd3+ 1-0

[Event "SVK-chT1E 1415"]
[Site "Slovakia"]
[Date "2015.01.11"]
[Round "6.6"]
[White "Starzec, Juraj"]
[Black "Safarik, Milan"]
[Result "1/2-1/2"]
[WhiteElo "1958"]
[BlackElo "1984"]
[PlyCount "68"]
[EventDate "2014.10.18"]
[EventType "team-tourn"]
[EventRounds "11"]
[EventCountry "SVK"]
[SourceTitle "EXT 2016"]
[Source "ChessBase"]
[SourceDate "2015.10.08"]
[SourceVersion "1"]
[SourceVersionDate "2015.10.08"]
[SourceQuality "1"]
[WhiteTeam "Margecany"]
[BlackTeam "Jelsava"]
[WhiteTeamCountry "SVK"]
[BlackTeamCountry "SVK"]

1. e4 e5 2. Nf3 Nc6 3. Nc3 Nf6 4. Bb5 d6 5. d4 Bd7 6. 0-0 Be7 7. b3 Nxd4 8. Nxd4 exd4 9. Qxd4 Bxb5 10. Nxb5 Qd7 11. c4 a6 12. Nc3 Ng4 13. Nd5 0-0 14. h3 Bf6 15. Nxf6+ Nxf6 16. Bb2 Qe6 17. Rae1 Rfd8 18. f4 Rd7 19. Qc3 h6 20. Rf2 Kh8 21. Qf3 c6 22. Ree2 Re8 23. f5 Qe7 24. Qf4 Qd8 25. Qh4 Kh7 26. e5 dxe5 27. Bxe5 Rd1+ 28. Kh2 Rxe5 29. Rxe5 Qc7 30. Rfe2 Nd7 31. Qg3 Nxe5 32. Qxe5 Qd8 33. Qe7 Qd3 34. Qe4 Qd6+ 1/2-1/2

[Event "SVK-chT2C 1314"]
[Site "Slovakia"]
[Date "2014.02.23"]
[Round "9.5"]
[White "Listiak, Juraj"]
[Black "Safarik, Milan"]
[Result "1-0"]
[WhiteElo "1991"]
[BlackElo "2016"]
[PlyCount "73"]
[EventDate "2013.10.19"]
[EventType "team-tourn"]
[EventRounds "11"]
[EventCountry "SVK"]
[SourceTitle "EXT 2015"]
[Source "ChessBase"]
[SourceDate "2014.11.20"]
[SourceVersion "1"]
[SourceVersionDate "2014.11.20"]
[SourceQuality "1"]
[WhiteTeam "Banska Bystrica Kurta"]
[BlackTeam "Jelsava Magnezit"]
[WhiteTeamCountry "SVK"]
[BlackTeamCountry "SVK"]

1. e4 e5 2. Nf3 Nc6 3. Bc4 Bc5 4. c3 Nf6 5. d4 exd4 6. cxd4 Bb4+ 7. Bd2 Bxd2+ 8. Nbxd2 d5 9. exd5 Nxd5 10. 0-0 0-0 11. h3 Nb6 12. Bd3 Be6 13. Ne4 Bd5 14. Re1 Nd7 15. a3 Nf6 16. Qc2 h6 17. Rac1 Re8 18. Re2 Nh5 19. g3 f5 20. Ned2 Rxe2 21. Bxe2 Bxf3 22. Bxf3 Qg5 23. Bxc6 bxc6 24. Qxc6 Rf8 25. Nf3 Qe7 26. Qxc7 Qe4 27. Qc6 Nxg3 28. fxg3 Qe3+ 29. Kh1 Rf6 30. Qd5+ Kh7 31. Rc8 Kg6 32. Ne5+ Kg5 33. h4+ Kh5 34. Qf3+ Qxf3+ 35. Nxf3 Kg4 36. Kg2 g5 37. hxg5 1-0

[Event "SVK-chT2C 1213"]
[Site "Slovakia"]
[Date "2012.12.02"]
[Round "4.5"]
[White "Kollar, Vladimir"]
[Black "Safarik, Milan"]
[Result "1-0"]
[WhiteElo "1996"]
[BlackElo "2009"]
[PlyCount "129"]
[EventDate "2012.10.13"]
[EventType "team-tourn"]
[EventRounds "11"]
[EventCountry "SVK"]
[SourceTitle "EXT 2015"]
[Source "ChessBase"]
[SourceDate "2014.11.20"]
[SourceVersion "1"]
[SourceVersionDate "2014.11.20"]
[SourceQuality "1"]
[WhiteTeam "Dunajov II"]
[BlackTeam "Jelsava"]
[WhiteTeamCountry "SVK"]
[BlackTeamCountry "SVK"]

1. e4 e5 2. Nf3 Nc6 3. d4 exd4 4. c3 Nf6 5. e5 Ng4 6. cxd4 d6 7. h3 dxe5 8. hxg4 Bxg4 9. Be2 Bb4+ 10. Bd2 Bxf3 11. Bxf3 Qxd4 12. Bxc6+ bxc6 13. Bxb4 Qxb4+ 14. Qd2 Qe4+ 15. Kf1 0-0 16. Nc3 Qb4 17. Rd1 f5 18. Qc2 Rab8 19. b3 Rbd8 20. Rh3 e4 21. Re3 Qc5 22. Rc1 Kh8 23. Na4 Qb5+ 24. Qc4 Rd6 25. Kg1 Qe5 26. Qc5 Qf4 27. Rce1 Rfd8 28. Nc3 Rh6 29. Rg3 Qd2 30. Rf1 Qd7 31. Qe5 Qf7 32. Rg5 Rf6 33. Rg3 Re8 34. Qf4 Rd6 35. Re3 Qd7 36. Rfe1 Rd3 37. Ne2 Rxe3 38. Qxe3 Qd3 39. Qd4 Rd8 40. Qe5 Qd5 41. Qxc7 h6 42. Nf4 Qd2 43. Re3 Kh7 44. Qf7 Qd1+ 45. Kh2 Qg4 46. Rg3 Qh4+ 47. Nh3 Qf6 48. Qxa7 Rf8 49. Qe3 Rf7 50. Qf4 Rd7 51. Qc1 Qd6 52. Qf4 Qf6 53. f3 Rd4 54. fxe4 Rxe4 55. Qd2 Qe5 56. Qc3 Qc7 57. Kh1 g5 58. Re3 g4 59. Rxe4 fxe4 60. Nf2 Qf4 61. Qd4 Qc1+ 62. Kh2 e3 63. Qe4+ Kg7 64. Nxg4 e2 65. Qxe2 1-0

[Event "SVK-chT2C 1112"]
[Site "Slovakia"]
[Date "2012.02.26"]
[Round "11.5"]
[White "Safarik, Milan"]
[Black "Panis, Radim"]
[Result "1/2-1/2"]
[WhiteElo "2006"]
[BlackElo "2034"]
[PlyCount "118"]
[EventDate "2011.10.08"]
[EventType "team-tourn"]
[EventRounds "11"]
[EventCountry "SVK"]
[SourceTitle "EXT 2013"]
[Source "ChessBase"]
[SourceDate "2012.11.22"]
[SourceVersion "1"]
[SourceVersionDate "2012.11.22"]
[SourceQuality "1"]
[WhiteTeam "Jelsava"]
[BlackTeam "Banska Bystrica Veza"]
[WhiteTeamCountry "SVK"]
[BlackTeamCountry "SVK"]

1. e4 c5 2. Nf3 e6 3. c4 Nc6 4. d4 cxd4 5. Nxd4 Nf6 6. Nc3 a6 7. Nxc6 dxc6 8. Qxd8+ Kxd8 9. Bd3 e5 10. Be3 Be6 11. 0-0-0 Kc7 12. h3 Nd7 13. f4 exf4 14. Bxf4+ Bd6 15. Bxd6+ Kxd6 16. Be2+ Kc7 17. b4 b6 18. Rd2 Ne5 19. c5 bxc5 20. bxc5 a5 21. Na4 Nd7 22. Rhd1 Rab8 23. Bc4 Ne5 24. Bxe6 fxe6 25. Nb6 Rhd8 26. Kc2 Rxd2+ 27. Rxd2 Rf8 28. Kc3 Rf1 29. Kd4 Ng6 30. Nc4 Rc1 31. Rf2 e5+ 32. Nxe5 Nxe5 33. Kxe5 Rxc5+ 34. Kd4 Kd6 35. g4 Rc1 36. Rf5 c5+ 37. Kd3 Ra1 38. Rd5+ Kc6 39. Kc4 Rc1+ 40. Kb3 Re1 41. Rh5 h6 42. g5 hxg5 43. Rxg5 Rxe4 44. Rxg7 Re3+ 45. Ka4 Rxh3 46. Rg6+ Kd5 47. Kb5 c4 48. Rg5+ Kd4 49. Rg4+ Kd5 50. Rxc4 Rh2 51. Ra4 Rb2+ 52. Kxa5 Kc5 53. Ka6 Rb6+ 54. Ka7 Rb2 55. Ra3 Kb4 56. Ra6 Rh2 57. Rb6+ Ka3 58. Ra6+ Kb4 59. a3+ Kb3 1/2-1/2

[Event "SVK-chT2C 1112"]
[Site "Slovakia"]
[Date "2011.11.06"]
[Round "4.5"]
[White "Safarik, Milan"]
[Black "Stefanik, Marcel"]
[Result "1-0"]
[WhiteElo "2006"]
[BlackElo "1845"]
[PlyCount "75"]
[EventDate "2011.10.08"]
[EventType "team-tourn"]
[EventRounds "11"]
[EventCountry "SVK"]
[SourceTitle "EXT 2013"]
[Source "ChessBase"]
[SourceDate "2012.11.22"]
[SourceVersion "1"]
[SourceVersionDate "2012.11.22"]
[SourceQuality "1"]
[WhiteTeam "Jelsava"]
[BlackTeam "Zilina Mladost II"]
[WhiteTeamCountry "SVK"]
[BlackTeamCountry "SVK"]

1. e4 e6 2. d4 d5 3. Nd2 Nf6 4. e5 Nfd7 5. Bd3 c5 6. c3 Nc6 7. Ne2 Qb6 8. Nf3 cxd4 9. cxd4 Nb4 10. Bb1 a5 11. 0-0 Be7 12. a3 Nc6 13. b3 Qd8 14. Nc3 0-0 15. Qd3 f5 16. exf6 Nxf6 17. Nb5 b6 18. Bf4 Ba6 19. Rc1 Rc8 20. Qe2 Ne4 21. Bxe4 Rxf4 22. Bd3 Qd7 23. Ne5 Nxe5 24. Qxe5 Rf6 25. a4 g6 26. Rab1 Rff8 27. Re1 Rf6 28. Rbc1 Kf7 29. g4 Rxc1 30. Rxc1 Bxb5 31. Rc7 Qd8 32. Bxb5 Qf8 33. Rc6 h6 34. Rxb6 g5 35. Bd7 Qd8 36. Bxe6+ Rxe6 37. Qxe6+ Ke8 38. Rc6 1-0

[Event "SVK-chT2C 1112"]
[Site "Slovakia"]
[Date "2011.10.09"]
[Round "2.6"]
[White "Safarik, Milan"]
[Black "Barciak, Robert"]
[Result "1-0"]
[WhiteElo "2006"]
[BlackElo "1634"]
[PlyCount "107"]
[EventDate "2011.10.08"]
[EventType "team-tourn"]
[EventRounds "11"]
[EventCountry "SVK"]
[SourceTitle "EXT 2013"]
[Source "ChessBase"]
[SourceDate "2012.11.22"]
[SourceVersion "1"]
[SourceVersionDate "2012.11.22"]
[SourceQuality "1"]
[WhiteTeam "Jelsava"]
[BlackTeam "Banska Bystrica Junior II"]
[WhiteTeamCountry "SVK"]
[BlackTeamCountry "SVK"]

1. e4 e5 2. Nf3 d6 3. d4 exd4 4. Nxd4 Nf6 5. Nc3 Be7 6. Bd3 0-0 7. 0-0 Re8 8. Nd5 Nxd5 9. exd5 Nd7 10. c4 Ne5 11. Be2 c5 12. dxc6 Nxc6 13. Be3 Bf6 14. Bf3 Ne5 15. Bd5 Be6 16. Bxe6 fxe6 17. h3 a6 18. Rc1 Rc8 19. Qe2 Qe7 20. Rfe1 Nc6 21. Rcd1 Nxd4 22. Bxd4 Bxd4 23. Rxd4 Rc7 24. Re4 e5 25. f4 Qf6 26. fxe5 dxe5 27. Rxe5 Rxe5 28. Qxe5 Qb6+ 29. Qe3 Qc6 30. Qe8+ Qxe8 31. Rxe8+ Kf7 32. Re4 Rd7 33. Kf2 Rd2+ 34. Re2 Rxe2+ 35. Kxe2 Ke6 36. Ke3 Ke5 37. b4 h5 38. a3 b6 39. h4 g6 40. g3 Ke6 41. Kf4 Kf6 42. c5 bxc5 43. bxc5 Ke6 44. Ke4 a5 45. a4 Kd7 46. Kd5 Kc7 47. c6 Kc8 48. Kc5 Kc7 49. Kb5 Kc8 50. Kb6 Kb8 51. c7+ Kc8 52. Kc6 g5 53. hxg5 h4 54. g6 1-0

[Event "SVK-chT2C 10/11"]
[Site "Slovakia"]
[Date "2011.03.27"]
[Round "11.1"]
[White "Safarik, Milan"]
[Black "Ondras, Michal"]
[Result "1/2-1/2"]
[WhiteElo "2026"]
[BlackElo "1943"]
[PlyCount "97"]
[EventDate "2010.10.23"]
[EventType "team-tourn"]
[EventRounds "11"]
[EventCountry "SVK"]
[SourceTitle "EXT 2019"]
[Source "ChessBase"]
[SourceDate "2018.10.10"]
[SourceVersion "1"]
[SourceVersionDate "2018.10.10"]
[SourceQuality "1"]
[WhiteTeam "Jelsava SK Magnezit"]
[BlackTeam "Cadca Caissa"]
[WhiteTeamCountry "SVK"]
[BlackTeamCountry "SVK"]

1. d4 d5 2. c4 dxc4 3. e4 Nf6 4. e5 Nd5 5. Bxc4 Nb4 6. Qb3 e6 7. Nf3 c5 8. dxc5 Bxc5 9. 0-0 0-0 10. a3 N4c6 11. Bf4 Nd4 12. Nxd4 Qxd4 13. Bg3 Nc6 14. Qc2 Rd8 15. Be2 Be7 16. Rd1 Qb6 17. Rxd8+ Qxd8 18. Nc3 Nd4 19. Qd3 Nxe2+ 20. Qxe2 Bd7 21. Rd1 Rc8 22. h3 Qc7 23. Kh2 Qc6 24. Ne4 h6 25. Qg4 Be8 26. Nd6 Bxd6 27. exd6 Bd7 28. Be5 g5 29. Bc3 e5 30. Qg3 f6 31. Qd3 Kg7 32. g3 Qb6 33. Rd2 Re8 34. Bb4 a5 35. Bc3 Qa7 36. a4 h5 37. b3 b5 38. axb5 Qb6 39. Qe2 g4 40. h4 Bxb5 41. Qe3 Qxe3 42. fxe3 Kg6 43. Rd5 Bd7 44. Bxa5 Ra8 45. b4 Kf5 46. Kg1 Ra6 47. Kf2 Ke4 48. Rd1 Rc6 49. Rd2 1/2-1/2

[Event "SVK-chT2C 10/11"]
[Site "Slovakia"]
[Date "2011.03.05"]
[Round "8.3"]
[White "Vnenk, Lubomir"]
[Black "Safarik, Milan"]
[Result "1-0"]
[WhiteElo "1937"]
[BlackElo "2026"]
[PlyCount "159"]
[EventDate "2010.10.23"]
[EventType "team-tourn"]
[EventRounds "11"]
[EventCountry "SVK"]
[SourceTitle "EXT 2019"]
[Source "ChessBase"]
[SourceDate "2018.10.10"]
[SourceVersion "1"]
[SourceVersionDate "2018.10.10"]
[SourceQuality "1"]
[WhiteTeam "Dolny Kubin"]
[BlackTeam "Jelsava SK Magnezit"]
[WhiteTeamCountry "SVK"]
[BlackTeamCountry "SVK"]

1. d4 c6 2. c4 d5 3. cxd5 cxd5 4. Nc3 e6 5. Nf3 Nf6 6. Bg5 Be7 7. e3 Nc6 8. Rc1 0-0 9. Bd3 Bd7 10. 0-0 Nh5 11. Bxe7 Qxe7 12. Ne5 Nf6 13. Nxd7 Nxd7 14. f4 g6 15. g4 Nb6 16. Rf3 f6 17. Bc2 Rac8 18. h4 Nc4 19. b3 Nb6 20. Rh3 Qb4 21. Ne2 e5 22. h5 g5 23. Bf5 Rce8 24. fxg5 fxg5 25. Qd3 Re7 26. Rf1 Kh8 27. h6 Qd6 28. Rh5 e4 29. Qd1 Rf6 30. Rxg5 Rxh6 31. Nf4 Nd7 32. Bxd7 Rxd7 33. Rxd5 Qc7 34. Rxd7 Qxd7 35. Nh5 Qe7 36. Rf4 Rg6 37. Qf1 Kg8 38. Qc4+ Kh8 39. d5 Ne5 40. Qxe4 Qg5 41. Rf8+ Rg8 42. Rxg8+ Kxg8 43. d6 Kf8 44. Ng3 Ke8 45. Kg2 Qg7 46. d7+ Kd8 47. Qxb7 Qxd7 48. Qxd7+ Kxd7 49. Kh3 Ke6 50. Ne4 h6 51. Kh4 Kd5 52. Nd2 Ke6 53. Kg3 Nd3 54. Kf3 Ne5+ 55. Kg3 Nd3 56. a4 Kd5 57. Kf3 Ne5+ 58. Kf4 Ke6 59. g5 hxg5+ 60. Kxg5 Nd3 61. Nc4 Nc5 62. Nd2 Ke5 63. Kg4 Nd3 64. Kf3 Kd5 65. Ke2 Nc5 66. Kd1 Nd3 67. Kc2 Ne5 68. Kc3 a6 69. e4+ Kc5 70. b4+ Kc6 71. Kd4 Nd7 72. Nc4 Nb8 73. e5 Nd7 74. e6 Nf6 75. Ke5 Ne8 76. b5+ axb5 77. axb5+ Kc7 78. b6+ Kb8 79. e7 Ng7 80. Kf6 1-0

[Event "SVK-chT2C 10/11"]
[Site "Slovakia"]
[Date "2011.02.05"]
[Round "6.4"]
[White "Longauer, Igor"]
[Black "Safarik, Milan"]
[Result "0-1"]
[WhiteElo "1886"]
[BlackElo "2026"]
[PlyCount "148"]
[EventDate "2010.10.23"]
[EventType "team-tourn"]
[EventRounds "11"]
[EventCountry "SVK"]
[SourceTitle "EXT 2019"]
[Source "ChessBase"]
[SourceDate "2018.10.10"]
[SourceVersion "1"]
[SourceVersionDate "2018.10.10"]
[SourceQuality "1"]
[WhiteTeam "Zvolen Slavia"]
[BlackTeam "Jelsava SK Magnezit"]
[WhiteTeamCountry "SVK"]
[BlackTeamCountry "SVK"]

1. e4 e5 2. f4 d5 3. exd5 e4 4. d3 exd3 5. Qxd3 Nf6 6. Nc3 Be7 7. Bd2 Nbd7 8. Ne4 0-0 9. 0-0-0 Nxe4 10. Qxe4 Nf6 11. Qd3 Qxd5 12. Qxd5 Nxd5 13. Bc4 Nb6 14. Bb3 Bd6 15. Nf3 Bg4 16. Rhf1 Rae8 17. h3 Bd7 18. g4 Bc6 19. Rde1 Bb5 20. Rxe8 Rxe8 21. Re1 Rxe1+ 22. Nxe1 Nc4 23. Bxc4 Bxc4 24. Be3 b6 25. b3 Bd5 26. Kd2 f6 27. Kd3 c5 28. c4 Bc6 29. a4 Kf7 30. Bd2 Bd7 31. Ke4 Bc6+ 32. Ke3 g6 33. Nf3 h6 34. Bc3 a6 35. h4 Ke6 36. g5 hxg5 37. hxg5 fxg5 38. fxg5 Kf5 39. Bf6 Bf4+ 40. Ke2 Bxf3+ 41. Kxf3 Bxg5 42. Bg7 Bf6 43. Bf8 g5 44. Bd6 g4+ 45. Ke3 Be5 46. Be7 Bf4+ 47. Ke2 Bc7 48. a5 Ke4 49. axb6 Bxb6 50. Bd6 a5 51. Bg3 Bd8 52. Bd6 Kd4 53. Kf2 Bb6 54. Kg3 Kc3 55. Kxg4 Kxb3 56. Kf3 Kxc4 57. Ke2 Bd8 58. Kd2 Bf6 59. Kc2 a4 60. Kb1 Bc3 61. Ka2 Bb4 62. Be7 Kb5 63. Bf6 c4 64. Kb2 Kc6 65. Bd4 Kd5 66. Bf6 Ke4 67. Kc2 Bc5 68. Kc3 Kd5 69. Kc2 a3 70. Kb1 Ke4 71. Bg5 Kd3 72. Bc1 c3 73. Bf4 Be3 74. Bd6 c2+ 0-1

[Event "SVK-chT2C 10/11"]
[Site "Slovakia"]
[Date "2011.01.08"]
[Round "5.3"]
[White "Hindicky, Frantisek"]
[Black "Safarik, Milan"]
[Result "0-1"]
[WhiteElo "1836"]
[BlackElo "2026"]
[PlyCount "110"]
[EventDate "2010.10.23"]
[EventType "team-tourn"]
[EventRounds "11"]
[EventCountry "SVK"]
[SourceTitle "EXT 2019"]
[Source "ChessBase"]
[SourceDate "2018.10.10"]
[SourceVersion "1"]
[SourceVersionDate "2018.10.10"]
[SourceQuality "1"]
[WhiteTeam "Podpolanie"]
[BlackTeam "Jelsava SK Magnezit"]
[WhiteTeamCountry "SVK"]
[BlackTeamCountry "SVK"]

1. d4 d5 2. Nf3 Nf6 3. g3 e6 4. Bg2 Bd6 5. 0-0 Nbd7 6. Nbd2 0-0 7. Re1 e5 8. dxe5 Nxe5 9. Nxe5 Bxe5 10. Nf3 Bd6 11. Bg5 h6 12. Bxf6 Qxf6 13. c3 c6 14. e4 dxe4 15. Rxe4 Bf5 16. Re1 Bc5 17. b4 Rad8 18. Qb3 Bb6 19. Rad1 g5 20. Qb2 Bg4 21. Rxd8 Rxd8 22. Ne5 Re8 23. Nf3 Rxe1+ 24. Nxe1 Qd6 25. Qc2 Qe6 26. Qd2 a5 27. Nf3 Qf5 28. Ne1 Qf6 29. h3 Be6 30. g4 Bc4 31. a3 Bc7 32. Nf3 axb4 33. axb4 Bd5 34. Qd4 Qd6 35. Qd2 Qg6 36. Ne1 Bf4 37. Qd3 Qe6 38. Nc2 Bc4 39. Qe4 Qxe4 40. Bxe4 Bd2 41. Na3 Ba6 42. Nb1 Bc1 43. Kg2 Kf8 44. Kf3 Ke7 45. Bc2 Bf1 46. Kg3 Kd6 47. Bb3 Bd3 48. Bxf7 Bxb1 49. c4 Ke7 50. Bg8 Ba2 51. h4 b5 52. hxg5 hxg5 53. Bh7 Bxc4 54. Kf3 Bd2 55. Be4 Kd6 0-1

[Event "SVK-chT2C 10/11"]
[Site "Slovakia"]
[Date "2010.12.05"]
[Round "4.5"]
[White "Macka, Oto"]
[Black "Safarik, Milan"]
[Result "1-0"]
[WhiteElo "2025"]
[BlackElo "2026"]
[PlyCount "111"]
[EventDate "2010.10.23"]
[EventType "team-tourn"]
[EventRounds "11"]
[EventCountry "SVK"]
[SourceTitle "EXT 2019"]
[Source "ChessBase"]
[SourceDate "2018.10.10"]
[SourceVersion "1"]
[SourceVersionDate "2018.10.10"]
[SourceQuality "1"]
[WhiteTeam "Sklene Patriots CC"]
[BlackTeam "Jelsava SK Magnezit"]
[WhiteTeamCountry "SVK"]
[BlackTeamCountry "SVK"]

1. e4 e5 2. Nf3 Nc6 3. Bb5 d6 4. c3 Nf6 5. d4 Bd7 6. 0-0 Be7 7. Re1 0-0 8. Bxc6 Bxc6 9. dxe5 Nxe4 10. Nd4 dxe5 11. Nxc6 bxc6 12. Qa4 Nc5 13. Qxc6 Bd6 14. Be3 Ne6 15. Nd2 Qe8 16. Qxe8 Rfxe8 17. Nc4 a5 18. Rad1 Ra6 19. Rd5 a4 20. Red1 Nf4 21. Nxd6 cxd6 22. Rxd6 Rxd6 23. Rxd6 f6 24. g3 Ng6 25. b3 f5 26. Bb6 axb3 27. axb3 Kf7 28. c4 Ra8 29. Rd7+ Kf6 30. Ra7 Rxa7 31. Bxa7 Ne7 32. Bc5 Nc6 33. b4 Ke6 34. f3 g5 35. Kf2 e4 36. fxe4 Ne5 37. exf5+ Kxf5 38. Bd6 Nxc4 39. Bc7 Na3 40. h4 g4 41. Ke2 Ke4 42. Bb6 Nc2 43. Bc5 Na3 44. h5 Nb1 45. Kd1 Kd3 46. Kc1 Nc3 47. Bd6 Ne4 48. Bf4 Kc4 49. Kc2 Kxb4 50. Kd3 Nf6 51. h6 Kc5 52. Bg5 Nh5 53. Ke4 Nxg3+ 54. Kf4 Nf5 55. Kxf5 g3 56. Be3+ 1-0

[Event "SVK-chT2C 0506"]
[Site "Slovakia"]
[Date "2005.10.23"]
[Round "2.6"]
[White "Safarik, Milan"]
[Black "Murin, Jan"]
[Result "1-0"]
[WhiteElo "2100"]
[BlackElo "1897"]
[PlyCount "77"]
[EventDate "2005.10.22"]
[EventType "team-tourn"]
[EventRounds "11"]
[EventCountry "SVK"]
[SourceTitle "EXT 2009"]
[Source "ChessBase"]
[SourceDate "2008.11.26"]
[SourceVersion "1"]
[SourceVersionDate "2008.11.26"]
[SourceQuality "1"]

1. e4 e6 2. d4 d5 3. Nd2 dxe4 4. Nxe4 Nd7 5. Nf3 Ngf6 6. Bd3 c5 7. 0-0 Be7 8. Re1 0-0 9. c3 Nxe4 10. Bxe4 Nf6 11. Bc2 Qc7 12. Bg5 b6 13. Qd3 g6 14. Qe2 Bb7 15. Ne5 Rac8 16. Bh6 Rfe8 17. Ba4 Bf8 18. Bxe8 Rxe8 19. Bxf8 Kxf8 20. dxc5 bxc5 21. Rad1 Ba8 22. f3 Rb8 23. Rd2 Rd8 24. Rxd8+ Qxd8 25. Rd1 Qc7 26. c4 Bc6 27. Nxc6 Qxc6 28. Qd2 Qb7 29. b3 Ne8 30. Qd8 Qb4 31. Kf2 Qc3 32. Qd2 Qe5 33. Qe3 Qc7 34. g3 h5 35. Qd2 Ke7 36. Qg5+ Nf6 37. Rd2 Qa5 38. Ke2 Qc3 39. Qxc5+ 1-0